[Event "IECG CP.2003.P.00080 email"]
[Site "IECG email"]
[Date "2003.10.01"]
[Round "?"]
[White "Dotsenko, Nik"]
[Black "Lehnert, Ronald"]
[Result "1/2-1/2"]
[WhiteElo "2170"]
[BlackElo "1806"]
[PlyCount "51"]
[EventDate "2003.10.01"]
[EventType "tourn (corr)"]
[EventRounds "6"]
[EventCountry "GER"]
[SourceTitle "Corr 2008"]
[Source "ChessBase"]
[SourceDate "2008.06.24"]
[SourceVersion "1"]
[SourceVersionDate "2008.06.24"]
[SourceQuality "1"]

1. Nf3 d5 2. d4 Nf6 3. c4 e6 4. cxd5 exd5 5. Nc3 Bb4 6. Bg5 Nbd7 7. e3 c5 8. dxc5 Qa5 9. Qd4 Bxc5 10. Qd2 Bb4 11. Bxf6 Nxf6 12. Rc1 Bd7 13. a3 Bxc3 14. Qxc3 Qxc3+ 15. Rxc3 Ke7 16. Nd4 Rac8 17. f3 Rxc3 18. bxc3 h5 19. Kd2 a6 20. h4 b5 21. Bd3 Rg8 22. Bc2 Kd6 23. Bb3 Be6 24. Kc2 g6 25. Kd2 Nd7 26. g3 1/2-1/2

[Event "IECG CA.2003.0.00091 email"]
[Site "IECG email"]
[Date "2003.04.12"]
[Round "?"]
[White "Dotsenko, Nik"]
[Black "Heineman, Carl M"]
[Result "1-0"]
[WhiteElo "2170"]
[BlackElo "2014"]
[PlyCount "93"]
[EventDate "2003.04.12"]
[EventType "tourn (corr)"]
[EventRounds "6"]
[SourceTitle "Corr 2008"]
[Source "ChessBase"]
[SourceDate "2008.06.24"]
[SourceVersion "1"]
[SourceVersionDate "2008.06.24"]
[SourceQuality "1"]

1. d4 d5 2. c4 c6 3. cxd5 cxd5 4. Nc3 e5 5. e3 e4 6. Nge2 Nf6 7. Nf4 Nc6 8. Qb3 Bb4 9. Bd2 0-0 10. Nxe4 Bxd2+ 11. Nxd2 Qd6 12. Nd3 Bg4 13. h3 Bh5 14. Nf3 Bxf3 15. gxf3 b6 16. Rc1 Rac8 17. Rc3 Rfe8 18. Be2 Qe6 19. Qa4 Na5 20. Nf4 Qd6 21. Rxc8 Rxc8 22. 0-0 Nc6 23. Rc1 h6 24. Bb5 Ne7 25. Rxc8+ Nxc8 26. Bd3 g6 27. Ne2 Qe6 28. Kg2 Kg7 29. a3 a5 30. b4 Qe8 31. Qxe8 Nxe8 32. bxa5 bxa5 33. Nc1 Nb6 34. Nb3 a4 35. Nc5 Nd6 36. Bc2 Nb5 37. Nxa4 Nc4 38. Bb3 Kf6 39. Nc5 Nbxa3 40. Nd3 g5 41. Nb4 Ke6 42. e4 f5 43. Nxd5 Nd2 44. exf5+ Kxf5 45. Ba4 Nac4 46. Bd7+ Kg6 47. f4 1-0

[Event "IECG CA.2003.0.00089 email"]
[Site "IECG email"]
[Date "2003.03.30"]
[Round "?"]
[White "Dotsenko, Nik"]
[Black "Atuan, Jorge Daniel"]
[Result "1/2-1/2"]
[WhiteElo "2170"]
[BlackElo "2037"]
[PlyCount "102"]
[EventDate "2003.03.30"]
[EventType "tourn (corr)"]
[EventRounds "6"]
[SourceTitle "Corr 2008"]
[Source "ChessBase"]
[SourceDate "2008.06.24"]
[SourceVersion "1"]
[SourceVersionDate "2008.06.24"]
[SourceQuality "1"]

1. Nf3 Nf6 2. g3 g6 3. Bg2 Bg7 4. 0-0 0-0 5. c4 d5 6. cxd5 Nxd5 7. Nc3 Nb6 8. d3 Nc6 9. Be3 e5 10. Qd2 Re8 11. Bh6 Bh8 12. Ne4 Ne7 13. Qc2 Nbd5 14. h3 c6 15. a4 Nf5 16. Bg5 f6 17. Bd2 Nd4 18. Nxd4 exd4 19. a5 f5 20. Bg5 Qc7 21. Nc5 Qf7 22. a6 bxa6 23. Qa4 Rb8 24. Qxc6 Nb4 25. Qa4 Rb5 26. Rac1 Bg7 27. Bd2 Nd5 28. Rfe1 f4 29. g4 Be5 30. Rc2 Nb6 31. Qa1 Nd7 32. b4 Nxc5 33. bxc5 Qf6 34. Rb1 h5 35. Rxb5 axb5 36. gxh5 Qg5 37. Qa2+ Be6 38. Qa6 gxh5 39. Qc6 Kf7 40. Qf3 Rg8 41. Kf1 Bc7 42. Qc6 Qxg2+ 43. Qxg2 Rxg2 44. Kxg2 a5 45. c6 Bd5+ 46. Kf1 b4 47. Rc5 Ke6 48. Ke1 Kd6 49. Rc1 Ke5 50. Rc5 Kd6 51. Rc2 Ke6 1/2-1/2